MARC

LEADER 00000nas a2200000 a 4500
001 ssj0000314554
003 WaSeSS
005 20200512172242.0
006 m d
007 cr n
008 100128c19939999ci fr p s 0 0hrv c
010 |a  2011263197 
022 |a 1848-7963  |l 1330-2604  |y 1330-2604 
035 |a (WaSeSS)ssj0000314554 
037 |b Sveučilište u Zagrebu, Edukacijsko-rehabilitacijski fakultet, Znanstveno-učilišni kampus, Borongajska 83f, Zagreb 
040 |a OCLCS  |b eng  |c OCLCS  |d OCLCS  |d OCLCQ  |d TXA  |d OCLCQ  |d CUS  |d OCLCQ  |d OCLCA  |d OCLCF  |d OCLCO  |d OCLCQ  |d UAB  |d OCLCQ  |d AU@  |d OCLCA  |d U3W  |d OCLCQ  |d UCILW  |d WaSeSS 
041 0 |a hrv  |a eng 
042 |a pcc 
043 |a e-ci--- 
050 1 4 |a HV6005  |b .K756 
222 0 |a Kriminologija & socijalna integracija  |b (Online) 
245 0 0 |a Kriminologija & socijalna integracija  |h [electronic resource]. 
246 1 |i Issues for 1997- have added English title:  |a Criminology & social integration 
246 3 |a Kriminologija i socijalna integracija 
246 3 |a Criminology and social integration 
260 |3 1993-  |a [Zagreb] :  |b [Fakultet za defektologiju] 
260 3 |3 <2005->  |a Zagreb :  |b Edukacijsko-rehabilitacijski fakultet 
310 |a Semiannual 
362 1 |a Print began with vol. 1, br. 1 (1993). 
500 |a Journal for criminology, penology and behavioural disorders. 
506 |a License restrictions may limit access. 
546 |a In Croatian, with some contributions in English. 
588 |a Description based on: Vol. 17, br. 1 (2009); title from PDF article running title (Hrčak site, viewed Apr. 14, 2011). 
588 |a Latest issue consulted: Vol 27, 1 (2019) (HeinOnline, viewed October 30, 2019). 
650 0 |a Criminal anthropology  |v Periodicals. 
650 0 |a Criminal psychology  |v Periodicals. 
650 0 |a Criminal psychology  |z Croatia  |v Periodicals. 
650 0 |a Criminology  |v Periodicals. 
650 0 |a Crime  |x Sociological aspects  |v Periodicals. 
650 7 |a Crime  |x Sociological aspects.  |2 fast  |0 (OCoLC)fst00883017 
650 7 |a Criminal anthropology.  |2 fast  |0 (OCoLC)fst00883160 
650 7 |a Criminal psychology.  |2 fast  |0 (OCoLC)fst00883467 
650 7 |a Criminology.  |2 fast  |0 (OCoLC)fst00883566 
651 7 |a Croatia.  |2 fast  |0 (OCoLC)fst01212674 
655 0 |a Electronic journals. 
710 2 |a Sveučilište u Zagrebu.  |b Fakultet za defektologiju. 
710 2 |a Sveučilište u Zagrebu.  |b Edukacijsko-rehabilitacijski fakultet. 
776 0 8 |i Print version:  |t Kriminologija & socijalna integracija  |x 1330-2604 
856 4 0 |z Full text available from Research Library: 06/01/2002 to present  |u https://search.proquest.com/publication/2028731